000 00457nam a2200133Ia 4500
008 100328s9999 xx 000 0 und d
082 _b70208
100 _aदिवेकर सुवर्णा.
245 _aसातच्या आत घराबाहेर.
260 _bसायली.
630 _aसातच्या आत घराबाहेर.
730 _aसातच्या आत घराबाहेर.
942 _cBOOK
999 _c555936
_d555933